Statistics for 10 European Countries with the Most Tourists

Click here to take the quiz!

General Stats

  • This quiz has been taken 83,778 times
    (62,982 since last reset)
  • The average score is 9 of 10

Answer Stats

# ArrivalsCountry% Correct
89.4 mFrance
99%
62.1 mItaly
98%
82.8 mSpain
98%
38.9 mGermany
97%
36.3 mUnited Kingdom
97%
22.8 mPortugal
90%
30.1 mGreece
89%
24.6 mRussia
84%
19.6 mPoland
80%
30.8 mAustria
75%

Score Distribution

Percentile by Number Answered

Percent of People with Each Score

Your Score History

You have not taken this quiz since the last reset